000 00460nam a2200181Ia 4500
008 230725s2005 xx 000 0 und d
041 _aeng
082 _a615.1901
_bBEC/ STE
100 _aBECKETT, STENLAKE
245 _aPRACTICAL PHARMACEUTICAL CHEMISTRY - I
260 _bCBS PUBLISHERS & DISTRIBUTOR PVT. LTD.
_c2005
300 _a326
365 _h20%
500 _aTEXT BOOK
501 _aPC
520 _aPB
650 _aPHARMACEUTICAL CHEMISTRY
999 _c778260
_d778260